000 00499pam a2200169 4500
001 2224
005 20181127164757.0
008 841016s1985 nyua b 001 0 eng
010 _a 84022551
020 _a0060444177
100 1 _aMelvin, Michael,
_d1948-
245 1 0 _aInternational money and finance /
_cMichael Melvin.
260 _aNew York :
_bHarper & Row,
_cc1985.
300 _axiii, 200 p. :
_bill. ;
_c25 cm.
504 _aIncludes bibliographies and index.
650 0 _aInternational finance.
999 _c1763
_d1763